A Survey of Research in Management. (Record no. 725)

MARC details
000 -LEADER
fixed length control field 00857cam a2200277 4500
001 - CONTROL NUMBER
control field 4094996
005 - DATE AND TIME OF LATEST TRANSACTION
control field 20230606151947.0
008 - FIXED-LENGTH DATA ELEMENTS--GENERAL INFORMATION
fixed length control field 740401m19731977ii 001 0 eng
010 ## - LIBRARY OF CONGRESS CONTROL NUMBER
LC control number 73904973
040 ## - CATALOGING SOURCE
Original cataloging agency DLC
Transcribing agency DLC
Modifying agency DLC
043 ## - GEOGRAPHIC AREA CODE
Geographic area code a-ii---
050 00 - LIBRARY OF CONGRESS CALL NUMBER
Classification number HD31
Item number .S765
082 00 - DEWEY DECIMAL CLASSIFICATION NUMBER
Classification number 658
Item number ICSSR
245 02 - TITLE STATEMENT
Title A Survey of Research in Management.
260 ## - PUBLICATION, DISTRIBUTION, ETC. (IMPRINT)
Place of publication, distribution, etc. Delhi,
Name of publisher, distributor, etc. Vikas Pub. House
Date of publication, distribution, etc. [1973-77]
300 ## - PHYSICAL DESCRIPTION
Extent 2 v.
Dimensions 25 cm.
350 ## - PRICE (NR) (BK AM CF MU VM SE) [OBSOLETE]
Price Rs50.00 (v. 1)
-- Rs95.00 (v. 2)
500 ## - GENERAL NOTE
General note "A project sponsored by the Indian Council of Social Science Research, New Delhi."
500 ## - GENERAL NOTE
General note Includes index.
650 #0 - SUBJECT ADDED ENTRY--TOPICAL TERM
Topical term or geographic name as entry element Management.
650 #0 - SUBJECT ADDED ENTRY--TOPICAL TERM
Topical term or geographic name as entry element Management
General subdivision Research
Geographic subdivision India.
650 #0 - SUBJECT ADDED ENTRY--TOPICAL TERM
Topical term or geographic name as entry element Management
General subdivision Bibliography.
710 2# - ADDED ENTRY--CORPORATE NAME
Corporate name or jurisdiction name as entry element Indian Council of Social Science Research.
906 ## - LOCAL DATA ELEMENT F, LDF (RLIN)
a 7
b cbc
c orignew
d 4
e ncip
f 19
g y-gencatlg
942 ## - ADDED ENTRY ELEMENTS (KOHA)
Source of classification or shelving scheme Dewey Decimal Classification
Koha item type Books
Holdings
Withdrawn status Lost status Source of classification or shelving scheme Damaged status Not for loan Home library Current library Date acquired Total Checkouts Full call number Barcode Date last seen Price effective from Koha item type
    Dewey Decimal Classification     Bunge Tower Library Bunge Tower Library 06/06/2023   658 ICSSR 10001809 06/06/2023 06/06/2023 Books
LIBRARY OPENING HOURS

When the Parliament is sitting: 8.00a.m - 7.00p.m or until the house adjourns
Mondays and Fridays and when the House is on Recess:  8.00a.m - 5.00p.m
Closed on Weekends and Public Holidays

Online Public Access Catalog (OPAC)
Website: http://www.parliament.go.ke
Bunge Library: https://libraryir.parliament.go.ke
Contact: library@parliament.go.ke | Tel no: (254-2)2221291 or 2848000 Ext 5043